000 00335nam a22001457a 4500
008 230911b ||||| |||| 00| 0 eng d
020 _a2800521780362
041 _aeng
080 _a521
082 _a521TRU
100 _a19
101 _aASTRO
245 _aTYPE LA SUPERNOVAE;THEORY AND COSMOLOGY
_cTRURAN .W.J
942 _2udc
_cBK
999 _c60316
_d60316